[Event "Vaxjo Visma IM-B"]
[Site "Vaxjo"]
[Date "2013.06.30"]
[Round "9"]
[White "Kockum, Anton Frisk"]
[Black "Pileckis, Emilis"]
[Result "0-1"]
[WhiteElo "2346"]
[BlackElo "2467"]
[PlyCount "156"]
[EventDate "2013.06.26"]
[EventType "tourn"]
[EventRounds "9"]
[EventCountry "SWE"]
[EventCategory "3"]
[SourceTitle "CBM 155 Extra"]
[Source "ChessBase"]
[SourceDate "2013.08.26"]
[SourceVersion "1"]
[SourceVersionDate "2013.08.26"]
[SourceQuality "1"]

1. d4 Nf6 2. Nf3 e6 3. c4 b6 4. g3 Ba6 5. Qc2 c5 6. d5 exd5 7. cxd5 g6 8. Bg2 Bg7 9. 0-0 0-0 10. Nc3 d6 11. a4 Re8 12. Re1 Nbd7 13. h3 h6 14. Bf4 Qe7 15. Rad1 g5 16. Bc1 Ne4 17. Nxe4 Qxe4 18. Qxe4 Rxe4 19. Nxg5 Rxe2 20. Ne4 Re8 21. Be3 Rxe1+ 22. Rxe1 Bf8 23. Rd1 f5 24. Nc3 Ne5 25. Nb5 Bxb5 26. axb5 Nc4 27. b3 Nxe3 28. Re1 f4 29. Bf3 Re7 30. fxe3 fxe3 31. Kf1 Bg7 32. Ke2 Be5 33. Rg1 a6 34. bxa6 Ra7 35. b4 Rxa6 36. bxc5 bxc5 37. Rb1 Bd4 38. Kd3 Ra2 39. Ke4 Ra3 40. Be2 Ra7 41. Bg4 Kf7 42. Bh5+ Ke7 43. Rf1 Ra2 44. Rf7+ Kd8 45. Rf8+ Kc7 46. Rf7+ Kd8 47. Rf8+ Kc7 48. Rf7+ Kb6 49. Re7 Rg2 50. Re6 Kc7 51. Re7+ Kd8 52. Re6 e2 53. Kd3 Be5 54. Bxe2 c4+ 55. Kd2 c3+ 56. Kd1 Rg1+ 57. Kc2 Rg2 58. Kd1 c2+ 59. Kxc2 Rxe2+ 60. Kd3 Rg2 61. Rxh6 Rxg3+ 62. Ke4 Ke7 63. Rh7+ Kf6 64. Rh6+ Kg7 65. Re6 Rxh3 66. Re7+ Kf6 67. Re6+ Kg5 68. Rg6+ Kh5 69. Rg5+ Kh6 70. Rg6+ Kh7 71. Rg4 Rh6 72. Kf5 Rf6+ 73. Ke4 Rg6 74. Rh4+ Kg7 75. Kf5 Rf6+ 76. Ke4 Rf1 77. Rg4+ Kf6 78. Rh4 Kg5 0-1

[Event "Vaxjo Visma IM-B"]
[Site "Vaxjo"]
[Date "2013.06.28"]
[Round "4"]
[White "Pileckis, Emilis"]
[Black "Aabling Thomsen, Jakob"]
[Result "1-0"]
[WhiteElo "2467"]
[BlackElo "2343"]
[PlyCount "85"]
[EventDate "2013.06.26"]
[EventType "tourn"]
[EventRounds "9"]
[EventCountry "SWE"]
[EventCategory "3"]
[SourceTitle "CBM 155 Extra"]
[Source "ChessBase"]
[SourceDate "2013.08.26"]
[SourceVersion "1"]
[SourceVersionDate "2013.08.26"]
[SourceQuality "1"]

1. Nf3 Nf6 2. c4 g6 3. Nc3 d5 4. Qa4+ Bd7 5. Qb3 dxc4 6. Qxc4 Bg7 7. e4 0-0 8. d4 c6 9. Qb3 Qb6 10. Na4 Qc7 11. Qc2 Rd8 12. Nc3 Bg4 13. Be3 Bxf3 14. gxf3 e5 15. dxe5 Qxe5 16. f4 Qh5 17. h4 Ng4 18. e5 Nxe3 19. fxe3 Qg4 20. Kf2 Nd7 21. Be2 Qe6 22. h5 Nxe5 23. fxe5 Bxe5 24. Ne4 Re8 25. Ng5 Qf6+ 26. Nf3 Bxb2 27. Rab1 Be5 28. Rxb7 g5 29. Bc4 Rf8 30. Rg1 Kh8 31. Rxg5 Rae8 32. Rf5 Qd6 33. Rfxf7 Rxf7 34. Rxf7 Bg7 35. Qf5 Qh6 36. Qg5 a5 37. e4 Bd4+ 38. Kf1 Qd6 39. Qf5 Bg7 40. Rxg7 Qd1+ 41. Ne1 Kxg7 42. Qg5+ Kh8 43. Qf6# 1-0

[Event "Vaxjo Visma IM-B"]
[Site "Vaxjo"]
[Date "2013.06.26"]
[Round "1"]
[White "Akesson, Joel"]
[Black "Pileckis, Emilis"]
[Result "1/2-1/2"]
[WhiteElo "2317"]
[BlackElo "2467"]
[PlyCount "69"]
[EventDate "2013.06.26"]
[EventType "tourn"]
[EventRounds "9"]
[EventCountry "SWE"]
[EventCategory "3"]
[SourceTitle "CBM 155 Extra"]
[Source "ChessBase"]
[SourceDate "2013.08.26"]
[SourceVersion "1"]
[SourceVersionDate "2013.08.26"]
[SourceQuality "1"]

1. Nf3 Nf6 2. c4 e6 3. Nc3 b6 4. g3 c5 5. Bg2 Bb7 6. 0-0 Be7 7. d4 cxd4 8. Qxd4 d6 9. Rd1 a6 10. b3 Nbd7 11. e4 Qc7 12. Ba3 Nc5 13. e5 dxe5 14. Qxe5 Qc8 15. Na4 Ncd7 16. Qb2 Bxa3 17. Qxa3 b5 18. Nb2 Rb8 19. Nd3 Be4 20. Nfe5 Bxg2 21. Kxg2 b4 22. Qa4 0-0 23. Qc6 Nxe5 24. Nxe5 a5 25. Rd4 Ra8 26. Qxc8 Rfxc8 27. Rad1 a4 28. Kf3 axb3 29. axb3 Kf8 30. Nd7+ Nxd7 31. Rxd7 Ra3 32. R1d3 Ke8 33. Ke3 Rxb3 34. Rxb3 Kxd7 35. Rxb4 1/2-1/2

[Event "Olympiad-40"]
[Site "Istanbul"]
[Date "2012.09.09"]
[Round "11.3"]
[White "Pileckis, Emilis"]
[Black "Wagener, Claude"]
[Result "1-0"]
[WhiteElo "2443"]
[BlackElo "2261"]
[PlyCount "67"]
[EventDate "2012.08.28"]
[EventType "team-swiss"]
[EventRounds "11"]
[EventCountry "TUR"]
[SourceTitle "CBM 151"]
[Source "ChessBase"]
[SourceDate "2012.11.13"]
[SourceVersion "1"]
[SourceVersionDate "2012.11.13"]
[SourceQuality "1"]
[WhiteTeam "Lithuania"]
[BlackTeam "Luxembourg"]
[WhiteTeamCountry "LTU"]
[BlackTeamCountry "LUX"]

1. Nf3 Nf6 2. c4 g6 3. Nc3 d5 4. Qa4+ Bd7 5. Qb3 dxc4 6. Qxc4 a6 7. d4 b5 8. Qb3 Bg7 9. e4 c5 10. dxc5 Bc6 11. a4 bxa4 12. Qc4 0-0 13. Be2 Nbd7 14. Bf4 Rc8 15. 0-0 Bb7 16. Rfd1 Rxc5 17. Qxa4 Qc8 18. Be3 Rh5 19. Nd2 Rh6 20. Bxh6 Nc5 21. Qc4 Bxh6 22. e5 Nfd7 23. b4 Ne6 24. Nd5 Qb8 25. Nxe7+ Kh8 26. Nc6 Qa8 27. Bf3 Rc8 28. b5 Nxe5 29. Qe2 Nxf3+ 30. Nxf3 Bxc6 31. bxc6 Qxc6 32. Ne5 Qe8 33. Rd7 Nd8 34. Nxg6+ 1-0

[Event "Olympiad-40"]
[Site "Istanbul"]
[Date "2012.08.29"]
[Round "2.3"]
[White "Akobian, Varuzhan"]
[Black "Pileckis, Emilis"]
[Result "1/2-1/2"]
[WhiteElo "2617"]
[BlackElo "2443"]
[PlyCount "138"]
[EventDate "2012.08.28"]
[EventType "team-swiss"]
[EventRounds "11"]
[EventCountry "TUR"]
[SourceTitle "CBM 151"]
[Source "ChessBase"]
[SourceDate "2012.11.13"]
[SourceVersion "1"]
[SourceVersionDate "2012.11.13"]
[SourceQuality "1"]
[WhiteTeam "United States"]
[BlackTeam "Lithuania"]
[WhiteTeamCountry "USA"]
[BlackTeamCountry "LTU"]

1. d4 Nf6 2. c4 e6 3. Nf3 b6 4. g3 Ba6 5. Qa4 c5 6. Bg2 Bb7 7. dxc5 bxc5 8. 0-0 Be7 9. Nc3 0-0 10. Rd1 Qb6 11. Bf4 Ne4 12. Rab1 d6 13. Qc2 f5 14. Ne1 Nc6 15. Nxe4 Nb4 16. Qb3 Bxe4 17. Bxe4 fxe4 18. a3 g5 19. Bc1 Nc6 20. Qe3 Ne5 21. Qxe4 Qb3 22. Bxg5 Bxg5 23. Rxd6 Bf6 24. Rxe6 Rae8 25. Rxe8 Rxe8 26. f4 Qxc4 27. Qe3 Nf3+ 28. Qxf3 Rxe2 29. Qg4+ Kf8 30. Nf3 Qd5 31. Rf1 Bxb2 32. Rf2 Bd4 33. Nxd4 Re1+ 34. Rf1 Qxd4+ 35. Kg2 Rxf1 36. Kxf1 Qa1+ 37. Kg2 Qxa3 38. Qf5+ Kg8 39. Qd5+ Kf8 40. Qd6+ Kf7 41. Qd7+ Kg8 42. Qe8+ Kg7 43. Qe5+ Kf7 44. f5 Qb4 45. Qe6+ Kf8 46. Qf6+ Kg8 47. Qd8+ Kf7 48. Qd7+ Kf6 49. Qe6+ Kg7 50. Qe7+ Kg8 51. Qe8+ Kg7 52. Qe7+ Kg8 53. h4 Qc4 54. Qe8+ Kg7 55. Qe7+ Kg8 56. Qe8+ Kg7 57. Qe5+ Kf7 58. h5 h6 59. Kh2 a5 60. f6 Qa2+ 61. Kg1 Qb1+ 62. Kh2 Qa2+ 63. Kg1 Qe6 64. Qxc5 Qe1+ 65. Kh2 Qe2+ 66. Kh3 Qf1+ 67. Kh2 Qe2+ 68. Kh3 Qf1+ 69. Kh2 Qe2+ 1/2-1/2

[Event "Panevezys IM"]
[Site "Panevezys"]
[Date "2012.08.19"]
[Round "9"]
[White "Kiltti, Jyrki"]
[Black "Pileckis, Emilis"]
[Result "0-1"]
[WhiteElo "2253"]
[BlackElo "2443"]
[PlyCount "126"]
[EventDate "2012.08.13"]
[EventType "tourn"]
[EventRounds "9"]
[EventCountry "LTU"]
[EventCategory "5"]
[SourceTitle "CBM 149 Extra"]
[Source "ChessBase"]
[SourceDate "2012.08.24"]
[SourceVersion "1"]
[SourceVersionDate "2012.08.24"]
[SourceQuality "1"]

1. e4 c5 2. d3 Nc6 3. g3 g6 4. Bg2 Bg7 5. f4 d6 6. Nf3 e6 7. 0-0 Nge7 8. c3 0-0 9. Be3 Rb8 10. a4 b6 11. Na3 a6 12. d4 Bb7 13. Qe2 cxd4 14. cxd4 Nb4 15. Bd2 a5 16. Bxb4 axb4 17. Nb5 Qd7 18. e5 Ba6 19. exd6 Nf5 20. Rfd1 Bxb5 21. axb5 Qxd6 22. Qe4 Rbd8 23. Rd2 Nxd4 24. Nxd4 Bxd4+ 25. Kh1 Qc5 26. Rad1 Bf6 27. Rxd8 Rxd8 28. Rxd8+ Bxd8 29. Qd3 Bf6 30. b3 Qf2 31. Qf3 Qd2 32. Bf1 Bd4 33. Bc4 h5 34. Qe2 Qc1+ 35. Qf1 Qe3 36. Kg2 h4 37. gxh4 Qd2+ 38. Kh3 Bf2 39. Kg4 f5+ 40. Kf3 Qe3+ 41. Kg2 Bxh4 42. Qd1 Qe4+ 43. Kh3 Bf6 44. Kg3 Kg7 45. Qd7+ Kh6 46. Qd2 Bc3 47. Qe2 Be1+ 48. Kh3 Qxe2 49. Bxe2 Kg7 50. Kg2 Kf6 51. Bc4 Bh4 52. Kh3 g5 53. Be2 Be1 54. fxg5+ Kxg5 55. Kg2 Kf4 56. Bc4 e5 57. Kf1 Bh4 58. Ke2 e4 59. Be6 Ke5 60. Bd7 f4 61. Bc6 f3+ 62. Ke3 Bg5+ 63. Kf2 Kf4 0-1

[Event "Panevezys IM"]
[Site "Panevezys"]
[Date "2012.08.18"]
[Round "8"]
[White "Pileckis, Emilis"]
[Black "Bernotas, Arturs"]
[Result "1/2-1/2"]
[WhiteElo "2443"]
[BlackElo "2292"]
[PlyCount "91"]
[EventDate "2012.08.13"]
[EventType "tourn"]
[EventRounds "9"]
[EventCountry "LTU"]
[EventCategory "5"]
[SourceTitle "CBM 149 Extra"]
[Source "ChessBase"]
[SourceDate "2012.08.24"]
[SourceVersion "1"]
[SourceVersionDate "2012.08.24"]
[SourceQuality "1"]

1. Nf3 d5 2. d4 Nf6 3. c4 e6 4. Nc3 c6 5. e3 Nbd7 6. Qc2 Bd6 7. b3 0-0 8. Bd3 b6 9. 0-0 Bb7 10. cxd5 cxd5 11. Qe2 a6 12. Bb2 Qe7 13. Rac1 Rfc8 14. Rc2 b5 15. Rfc1 Rc7 16. a4 b4 17. Nb1 Rxc2 18. Rxc2 Qd8 19. Rc1 a5 20. Ne5 Rc8 21. f4 Rxc1+ 22. Bxc1 Qc7 23. Bb2 Ne4 24. Nxd7 Qxd7 25. Bxe4 dxe4 26. Nd2 Bc7 27. Qc4 Bd5 28. Qc5 Qc6 29. Qxc6 Bxc6 30. Kf2 Bd5 31. g3 f6 32. Ke2 Kf7 33. Kf2 h5 34. Kg2 Kg6 35. Kf2 Kf5 36. Kg2 h4 37. Kh3 hxg3 38. hxg3 g5 39. Nc4 Bc6 40. Kg2 Be8 41. Kf2 Bh5 42. Ke1 Kg4 43. Kf2 Kh3 44. Nd2 gxf4 45. gxf4 f5 46. Ke1 1/2-1/2

[Event "Panevezys IM"]
[Site "Panevezys"]
[Date "2012.08.13"]
[Round "1"]
[White "Pileckis, Emilis"]
[Black "Kantans, Toms"]
[Result "1-0"]
[WhiteElo "2443"]
[BlackElo "2380"]
[PlyCount "55"]
[EventDate "2012.08.13"]
[EventType "tourn"]
[EventRounds "9"]
[EventCountry "LTU"]
[EventCategory "5"]
[SourceTitle "CBM 149 Extra"]
[Source "ChessBase"]
[SourceDate "2012.08.24"]
[SourceVersion "1"]
[SourceVersionDate "2012.08.24"]
[SourceQuality "1"]

1. Nf3 Nf6 2. c4 g6 3. Nc3 d5 4. Qa4+ Bd7 5. Qb3 dxc4 6. Qxc4 Bg7 7. e4 0-0 8. e5 Ne8 9. d4 c6 10. Qb4 b6 11. Bg5 f6 12. Bh4 Be6 13. Bc4 Qd7 14. 0-0 Nc7 15. Rfe1 Nd5 16. Nxd5 Bxd5 17. exf6 exf6 18. Re7 Qf5 19. Bg3 Qc2 20. Bb3 Bxb3 21. axb3 c5 22. Qb5 Qf5 23. Rae1 Qd5 24. Rc7 f5 25. h3 Bf6 26. Re8 Bd8 27. Rxf8+ Kxf8 28. Rc8 1-0

[Event "LTU-ch"]
[Site "Vilnius"]
[Date "2012.04.25"]
[Round "5"]
[White "Pileckis, Emilis"]
[Black "Vedrickas, Tautvydas"]
[Result "1-0"]
[WhiteElo "2448"]
[BlackElo "2318"]
[PlyCount "62"]
[EventDate "2012.04.21"]
[EventType "tourn"]
[EventRounds "9"]
[EventCountry "LTU"]
[EventCategory "5"]
[SourceTitle "CBM 148 Extra"]
[Source "ChessBase"]
[SourceDate "2012.06.22"]
[SourceVersion "1"]
[SourceVersionDate "2012.06.22"]
[SourceQuality "1"]

1. Nf3 d5 2. d4 Nf6 3. c4 c6 4. Nc3 e6 5. e3 Nbd7 6. Qc2 Bd6 7. b3 0-0 8. Bd3 dxc4 9. bxc4 e5 10. 0-0 Re8 11. Bd2 Qe7 12. Ng5 h6 13. Nge4 Bc7 14. Ng3 Nf8 15. d5 Rd8 16. Rab1 cxd5 17. cxd5 Nxd5 18. Nxd5 Rxd5 19. Bb4 Qd8 20. Bc4 Rd7 21. Bb5 Rd5 22. Bxf8 Kxf8 23. Qh7 Rb8 24. Rfc1 Be6 25. Qh8+ Ke7 26. Qxg7 e4 27. Bc4 Bxg3 28. Bxd5 Bxf2+ 29. Kxf2 Qxd5 30. Rc7+ Kd8 31. Rbc1 Bd7 1-0

[Event "LTU-ch"]
[Site "Vilnius"]
[Date "2012.04.21"]
[Round "1"]
[White "Malisauskas, Vidmantas"]
[Black "Pileckis, Emilis"]
[Result "1/2-1/2"]
[WhiteElo "2462"]
[BlackElo "2448"]
[PlyCount "140"]
[EventDate "2012.04.21"]
[EventType "tourn"]
[EventRounds "9"]
[EventCountry "LTU"]
[EventCategory "5"]
[SourceTitle "CBM 148 Extra"]
[Source "ChessBase"]
[SourceDate "2012.06.22"]
[SourceVersion "1"]
[SourceVersionDate "2012.06.22"]
[SourceQuality "1"]

1. d4 Nf6 2. c4 e6 3. Nf3 b6 4. g3 Ba6 5. b3 Bb4+ 6. Bd2 Be7 7. Bg2 c6 8. Bc3 d5 9. Nbd2 Nbd7 10. 0-0 0-0 11. Re1 c5 12. cxd5 Nxd5 13. Bb2 Rc8 14. Rc1 N7f6 15. a3 cxd4 16. Nxd4 Qd7 17. Nc4 Rc5 18. Ne5 Qc7 19. Nec6 Bb7 20. Nxe7+ Qxe7 21. e4 Nc7 22. b4 Rxc1 23. Qxc1 Qd7 24. Nf3 Rc8 25. Bxf6 gxf6 26. Qf4 Ne8 27. e5 Qe7 28. Nh4 Bxg2 29. Nxg2 fxe5 30. Qxe5 Qf6 31. Qe2 Nd6 32. Nf4 Nf5 33. Rd1 Rd8 34. Nh5 Qg5 35. h4 Rxd1+ 36. Qxd1 Qe7 37. Qa1 Qd8 38. Qc1 Ng7 39. Nf4 e5 40. Ng2 Nf5 41. Qc6 Kg7 42. Qe4 Qf6 43. h5 Kh6 44. a4 Nd6 45. Qd3 Nf5 46. Qf3 Qg5 47. Qd5 f6 48. Qf7 Qg7 49. Qe8 Qe7 50. Qc8 Nd6 51. Qg8 f5 52. Ne3 Kxh5 53. a5 bxa5 54. bxa5 f4 55. Qg4+ Kh6 56. Nd5 Qg5 57. Qe6+ Qg6 58. Qxe5 fxg3 59. fxg3 Qb1+ 60. Kh2 Qc2+ 61. Kh3 Qf5+ 62. Qxf5 Nxf5 63. Kg4 Nd4 64. Kf4 a6 65. Ke5 Nc6+ 66. Kf6 Kh5 67. Kf5 Nd4+ 68. Kf4 Nc6 69. Nc7 Kg6 70. Nxa6 Nxa5 1/2-1/2

[Event "LTU-ch sf"]
[Site "Vilnius"]
[Date "2012.02.25"]
[Round "8"]
[White "Kalvaitis, Sigitas"]
[Black "Pileckis, Emilis"]
[Result "0-1"]
[WhiteElo "2252"]
[BlackElo "2448"]
[PlyCount "98"]
[EventDate "2012.02.19"]
[EventType "swiss"]
[EventRounds "8"]
[EventCountry "LTU"]
[SourceTitle "CBM 147 Extra"]
[Source "ChessBase"]
[SourceDate "2012.04.24"]
[SourceVersion "1"]
[SourceVersionDate "2012.04.24"]
[SourceQuality "1"]

1. e4 c5 2. Nf3 Nc6 3. Bb5 g6 4. 0-0 Nf6 5. e5 Nd5 6. c3 Nc7 7. a4 Bg7 8. Re1 0-0 9. d4 cxd4 10. cxd4 d6 11. Bxc6 bxc6 12. Nc3 Rb8 13. Bf4 Ne6 14. exd6 exd6 15. Qd2 Nxf4 16. Qxf4 Rxb2 17. Ne4 Be6 18. Nxd6 Bd5 19. Re3 Qf6 20. Qxf6 Bxf6 21. Ne5 Rb4 22. Rd1 Rd8 23. Ndxf7 Bxf7 24. Nxc6 Rdxd4 25. Nxd4 Bxd4 26. Rf3 a5 27. h4 Be5 28. g3 Rb7 29. h5 gxh5 30. Rf5 Bc3 31. Kh2 Kg7 32. Rc1 Bb4 33. Rc6 Rd7 34. Rg5+ Kf8 35. Ra6 Bg6 36. Rb5 Rd2 37. Rb8+ Kg7 38. Rb7+ Kh6 39. Kg2 Bc5 40. Rf7 Kg5 41. Rf4 Bxf2 42. Rxa5+ Bc5+ 43. Kh1 Rc2 44. Ra8 Bd6 45. Ra5+ Kh6 46. Rd4 Bc5 47. Rf4 Bd6 48. Rd4 Bxg3 49. Ra6 h4 0-1

[Event "LTU-ch sf"]
[Site "Vilnius"]
[Date "2012.02.20"]
[Round "3"]
[White "Vedrickas, Tautvydas"]
[Black "Pileckis, Emilis"]
[Result "0-1"]
[WhiteElo "2318"]
[BlackElo "2448"]
[PlyCount "64"]
[EventDate "2012.02.19"]
[EventType "swiss"]
[EventRounds "8"]
[EventCountry "LTU"]
[SourceTitle "CBM 147 Extra"]
[Source "ChessBase"]
[SourceDate "2012.04.24"]
[SourceVersion "1"]
[SourceVersionDate "2012.04.24"]
[SourceQuality "1"]

1. d4 Nf6 2. c4 e6 3. Nf3 b6 4. g3 Ba6 5. Nbd2 c5 6. e4 cxd4 7. e5 Ng4 8. h3 Nh6 9. Ne4 Nf5 10. g4 d5 11. Ned2 Ne7 12. cxd5 Bxf1 13. dxe6 Ba6 14. Ne4 Qd5 15. Nd6+ Kd8 16. Qb3 Kc7 17. Ne8+ Kd8 18. Nd6 Bb7 19. Nxb7+ Qxb7 20. exf7 Qe4+ 21. Kf1 Nbc6 22. Bg5 Nxe5 23. Re1 Qxf3 24. Rxe5 Qxh1+ 25. Ke2 Qc6 26. Qb4 Kc7 27. Bxe7 Rc8 28. Bxf8 Rhxf8 29. Re7+ Kb8 30. Qa3 d3+ 31. Qxd3 Rc7 32. Qa3 Rxf7 0-1

[Event "Vilnius Mikenas Memorial op"]
[Site "Vilnius"]
[Date "2010.11.27"]
[Round "9"]
[White "Sulskis, Sarunas"]
[Black "Pileckis, Emilis"]
[Result "1-0"]
[WhiteElo "2562"]
[BlackElo "2448"]
[PlyCount "73"]
[EventDate "2010.11.27"]
[EventType "swiss (rapid)"]
[EventRounds "9"]
[EventCountry "LTU"]
[SourceTitle "CBM 139 Extra"]
[Source "ChessBase"]
[SourceDate "2011.01.05"]
[SourceVersion "1"]
[SourceVersionDate "2011.01.05"]
[SourceQuality "1"]

1. e4 c5 2. f4 Nc6 3. Nf3 g6 4. c3 d5 5. d3 Bg7 6. Qe2 dxe4 7. dxe4 e5 8. Qb5 Nf6 9. fxe5 Nd7 10. Bg5 Qc7 11. e6 fxe6 12. Be2 0-0 13. 0-0 b6 14. Nbd2 Bb7 15. Rad1 Na5 16. Qd3 Nf6 17. Bxf6 Rxf6 18. Qe3 Qf4 19. Qxf4 Rxf4 20. Ng5 Rxf1+ 21. Nxf1 Bf6 22. Nxe6 Re8 23. Nc7 Rxe4 24. Bf3 Re7 25. Rd8+ Kf7 26. Nd5 Bxd5 27. Bxd5+ Kg7 28. Ra8 Re2 29. Rxa7+ Kh6 30. Rf7 Bg5 31. b4 cxb4 32. cxb4 Re5 33. Rd7 Re1 34. Kf2 Rb1 35. bxa5 bxa5 36. Rb7 Rc1 37. Ne3 1-0